Stenografická správa o 7. schôdzi Národnej rady Slovenskej republiky konanej 3., 4., 5., 10., 11. a 12. mája 1995 1. volebné obdobie

Uložené v:
Podrobná bibliografia
Médium: Kniha
Jazyk:Slovak
Vydavateľské údaje: Bratislava Národná rada Slovenskej republiky 1995
Predmet:
Tagy: Pridať tag
Žiadne tagy, Buďte prvý, kto otaguje tento záznam!

MARC

LEADER 00000nam a2200000 4500
001 c012141
005 20251009091254.9
041 0 |a slo 
044 |a SK 
245 1 0 |a Stenografická správa o 7. schôdzi Národnej rady Slovenskej republiky konanej 3., 4., 5., 10., 11. a 12. mája 1995  |b 1. volebné obdobie 
264 1 |a Bratislava  |b Národná rada Slovenskej republiky  |c 1995 
300 |a S.682-781 
610 2 0 |a parlamenty 
610 2 0 |a Slovensko 
610 2 0 |a NR SR Bratislava